00754nam a22002417a 450000500170000001000130001702000230003003500130005303700160006604000120008208200170009410000290011124501230014025000110026326000440027427000500031830000320036850000190040065000240041965000220044370000230046570000240048820170124110037.0 aA-933699 c250.00a8120311388 aA-933699 bCen Lib/Ret aDPLbEN a658.503bNAR aNarasimhan, Seetharama L aProduction planning and inventory control /cby Seetharama L. Narasimhan, Dennis W. McLeavey [and] Peter J. Billington a2nd ed aNew DelhibPrentice-Hall of Indiac1997 aM-97, Connaught Circus bNew Delhie110001 axix,716p. :c23cm(Hb)bill. aIncludes index aProduction planning aInventory control aMcLeavey, Dennis W aBillington, Peter J